000 01053nac a22002897a 4500
001 BR7307843
003 BR-BrBNA
005 20240105113554.0
008 230509b bl.|||m| |||| 00| 0 por d
040 _aBR-BrBNA
_bpor
_cBiblioteca Nacional de Agricultura
072 _aE30; C00
090 _aE30 BR7307843
110 1 _aAssociacao de Credito e Assistencia Rural do Estado de Mato Grosso, Cuiaba (Brasil)
_9464
245 1 _aPrograma matogrossense de assistencia tecnica e extensao rural [Projeto agricola; Projeto pecuario; Brasil]
260 3 _aCuiaba, mt (Brasil):
_c1975.
300 _a55 p.
490 _aPrograma de Assistencia Tecnica e Extensao Rural - Associacao de Credito e Assistencia Rural do Estado de Mato Grosso (Brazil)
_v
_x
500 _a8 tables
650 _aDesenvolvimento agricola
650 _aExtensao rural
650 _aAssistencia tecnica
650 _aProjeto agricola
650 _aProjeto pecuario
650 _aMato Grosso
909 _a202312
_bLúcia Elande
_c55
_dLúcia Elande
942 _2AGRIS
_n0
_cMS
999 _c264494
_d264494